<?xml version="1.0" encoding="UTF-8"?>
<record
    xmlns:xsi="http://www.w3.org/2001/XMLSchema-instance"
    xsi:schemaLocation="http://www.loc.gov/MARC21/slim http://www.loc.gov/standards/marcxml/schema/MARC21slim.xsd"
    xmlns="http://www.loc.gov/MARC21/slim">

  <leader>02046agaaa2200313   4500</leader>
  <controlfield tag="001">7208</controlfield>
  <controlfield tag="003">IT-RoPAU</controlfield>
  <controlfield tag="005">20220918181250.0</controlfield>
  <controlfield tag="007">d cvaizq</controlfield>
  <controlfield tag="008">50131s9999||||xx ||| |     ||   ||und||</controlfield>
  <datafield tag="040" ind1=" " ind2=" ">
    <subfield code="a">IT-RoPAU</subfield>
    <subfield code="c">IT-RoPAU</subfield>
  </datafield>
  <datafield tag="041" ind1=" " ind2=" ">
    <subfield code="a">ITALIANO</subfield>
  </datafield>
  <datafield tag="100" ind1=" " ind2=" ">
    <subfield code="a">Schepisi Fred</subfield>
    <subfield code="g">Codice regista SPICS: 58863</subfield>
    <subfield code="9">48832</subfield>
  </datafield>
  <datafield tag="130" ind1=" " ind2=" ">
    <subfield code="a">PLENTY</subfield>
    <subfield code="9">48833</subfield>
  </datafield>
  <datafield tag="245" ind1=" " ind2=" ">
    <subfield code="a">PLENTY</subfield>
    <subfield code="c">Prodotto da: Pressman E. Rapp J. -- Sceneggiatura: Hare David -- Diretto da: Schepisi Fred</subfield>
    <subfield code="p">PLENTY (Rif. Codice opera principale : H7208)</subfield>
  </datafield>
  <datafield tag="250" ind1=" " ind2=" ">
    <subfield code="a">Edizione Standard</subfield>
  </datafield>
  <datafield tag="260" ind1=" " ind2=" ">
    <subfield code="a">(UK - USA)</subfield>
    <subfield code="b">RKO PICTURES - EDWARD R. PRESSMAN PRODUCT / Distribuzione: LIBRERIA ARION</subfield>
    <subfield code="g">"1985 (1&#xB0; ed.: 2007 ; Ed. Lingua Orig.: 1985)"</subfield>
  </datafield>
  <datafield tag="300" ind1=" " ind2=" ">
    <subfield code="a">DVD</subfield>
    <subfield code="b">sonoro, col.</subfield>
    <subfield code="c">119 minuti</subfield>
  </datafield>
  <datafield tag="508" ind1=" " ind2=" ">
    <subfield code="a">"Fotografia: Baker Ian; Montaggio: Honess Peter; Musica: Smeaton Bruce; Sceneggiatura: Hare David; Scenografia: Macdonald Richard; "</subfield>
  </datafield>
  <datafield tag="511" ind1=" " ind2=" ">
    <subfield code="a">"Streep Meryl; Dance Charles; Ullman Tracey; Gielgud John; Mckellen Ian; Neil Sam"</subfield>
  </datafield>
  <datafield tag="520" ind1=" " ind2=" ">
    <subfield code="a">PLENTY E' LA TORMENTATA ED INTENSA STORIA DI SUSAN TRAHERNE, EX AGENTE SEGRETO PER LA RESISTENZA FRANCESE NEI TYERRITORI DELLA FRANCIA OCCUPATA DAI TEDESCHI, DAL DOPOGUERRA SINO AGLI ANNI SESSANTA. FINITA LA GUERRA E FINITA UNA BREVE RELAZIONE CON UN SOLDATO, SUSAN, DONNA INTRAPRENDENTE E VOLITIVA,PASSA DA UN'AVVENTURA SENTIMENTALE ALL'ALTRA, MA LA SUA VITA SI DISGREGA LENTAMENTE QUANDO NON RIESCE AD AVERE UN FIGLIO E SPOSA IL DIPLOMATICO RAYMOND BROCK. MA IL MATRIMONIO E' INFELICE E SUSAN E' COSTANTEMENTE IN PREDA ADATTEGGIAMENTI ASSURDI E PARADOSSALI, SINTOMI DI UNA MALATTIA MENTALE CHE SI AFFACCIA. CONTENUTI EXTRA: TRAILER CINEMATOGRAFICO.</subfield>
  </datafield>
  <datafield tag="538" ind1=" " ind2=" ">
    <subfield code="a">PAL, STEREO</subfield>
  </datafield>
  <datafield tag="546" ind1=" " ind2=" ">
    <subfield code="a">ITALIANO</subfield>
  </datafield>
  <datafield tag="650" ind1=" " ind2=" ">
    <subfield code="a">DRAMMATICO</subfield>
    <subfield code="e">DVD-FILM [DVD]</subfield>
    <subfield code="x">Codice MATERIA SPICS: 9947</subfield>
    <subfield code="9">48834</subfield>
  </datafield>
  <datafield tag="700" ind1=" " ind2=" ">
    <subfield code="a">Hare David </subfield>
    <subfield code="e">(soggetto)</subfield>
    <subfield code="g">Codice Soggetto SPICS: 14838</subfield>
    <subfield code="9">48835</subfield>
  </datafield>
  <datafield tag="700" ind1=" " ind2=" ">
    <subfield code="a">Schepisi Fred </subfield>
    <subfield code="e">(regista)</subfield>
    <subfield code="g">Codice regista SPICS: 58863</subfield>
    <subfield code="9">48836</subfield>
  </datafield>
  <datafield tag="700" ind1=" " ind2=" ">
    <subfield code="a">Smeaton Bruce</subfield>
    <subfield code="e">(musica)</subfield>
    <subfield code="g">Codice Musica SPICS: 58864</subfield>
    <subfield code="9">48837</subfield>
  </datafield>
  <datafield tag="942" ind1=" " ind2=" ">
    <subfield code="c">DV</subfield>
    <subfield code="2">ddc</subfield>
  </datafield>
  <datafield tag="999" ind1=" " ind2=" ">
    <subfield code="c">106803</subfield>
    <subfield code="d">106803</subfield>
  </datafield>
  <datafield tag="952" ind1=" " ind2=" ">
    <subfield code="0">0</subfield>
    <subfield code="1">0</subfield>
    <subfield code="4">0</subfield>
    <subfield code="6">H_7208_000000000000000</subfield>
    <subfield code="7">1</subfield>
    <subfield code="a">SPICS</subfield>
    <subfield code="b">SPICS</subfield>
    <subfield code="d">2015-01-31</subfield>
    <subfield code="l">0</subfield>
    <subfield code="o">H7208</subfield>
    <subfield code="r">2015-01-31 00:00:00</subfield>
    <subfield code="w">2015-01-31</subfield>
    <subfield code="y">DV</subfield>
    <subfield code="z">Progr. Ins.: 3545 / N.Vol.:1 / Copie: 1 / Pag.:0 / Copia rara: n.d. / date import: 1.2.2015 / By Epidotti, Trombetti, Vaglietti</subfield>
  </datafield>
</record>
